000 00709nam a2200265Ia 4500
001 49865
005 20240114004009.0
007 ta
008 090601s1933 g b000 u 465 u
040 _aCotton College,Assam
041 _a465
082 _a070
_bBAH
100 _aBahadur, K. L. Barua .
245 0 _aJournal of the Assam Research Society Vol. I /
_cK. L. Barua Bahadur.
_hTextual Documents
250 _a1st ed /
260 _aGuwahati :
_bThe Kamrupa Anusandhan Samiti ,
_c1933.
300 _a32p ;
_c26 cm.
653 _aJournals
653 _aBV-General Study
942 _2ddc
_cBK
999 _c49830
_d49830